Everyone to Take the Mantle of These DC Superheroes - Statistics

General Stats
  • This quiz has been taken 68 times
    32 since last reset
  • The average score is 28 of 102
Answer Stats
Hint Answer % Correct
Batman Bruce Wayne
100%
Dick Grayson
93%
Superman Clark Kent
85%
The Flash Barry Allen
81%
Damian Wayne
81%
Jason Todd
81%
Wally West
78%
Robin Tim Drake
74%
Green Lantern Hal Jordan
70%
Wonder Woman Diana Prince
63%
John Stewart
59%
Green Arrow Oliver Queen
59%
Superboy Connor Kent
48%
Guy Gardner
48%
Bart Allen
44%
Blue Beetle Jaime Reyes
44%
Atom Ray Palmer
44%
Kyle Rayner
41%
Ted Kord
41%
Jay Garrick
37%
Jon Kent
37%
Donna Troy
33%
Garth
33%
Dr Fate Kent Nelson
33%
Superwoman Lois Lane
33%
Stephanie Brown
33%
Black Canary Dinah Lance
30%
Terry McGinnis
30%
Alan Scott
26%
Dinah Drake
22%
Jessica Cruz
22%
Simon Baz
22%
Connor Hawke
19%
Helena Bertinelli
19%
Helena Wayne
19%
Steel John Henry Irons
19%
Kilowog
19%
Renee Montoya
19%
Firestorm Ronnie Raymond
19%
Ryan Choi
19%
Vibe Cisco Ramone
15%
Jean-Paul Valley
15%
Laurel Lance
15%
Sinestro
15%
Abin Sur
11%
Al Pratt
11%
Avery Ho
11%
Dan Garrett
11%
John Diggle
11%
Martin Stein
11%
Natasha Irons
11%
The Question Vic Sage
11%
Amaya Jiwe
7%
Carrie Kelley
7%
Crispus Allen
7%
Eric Strauss
7%
Hector Hall
7%
Hippolyta
7%
Inza Cramer
7%
Jace Fox
7%
Aqualad Jackson Hyde
7%
Jared Stevens
7%
Jason Rusch
7%
Jefferson Jackson
7%
Spectre Jim Corrigan
7%
Khalid Nassour
7%
Kong Kenan
7%
Kuasa
7%
Lana Lang
7%
Linda Strauss
7%
Lorraine Reilly
7%
Luma Lynai
7%
Vixen Mari McCabe
7%
Mikhail Arkadin
7%
Paco Ramone
7%
Sara Lance
7%
Aztar
4%
Carolyn Lance
4%
Christopher Kent
4%
Elna Kent
4%
Emiko Queen
4%
Helena Kyle
4%
John Fox
4%
Jordan Kent
4%
Khalid Ben-Hassin
4%
Kristin Wells
4%
Lucy Lane
4%
Mia Smoak
4%
Nabu
4%
Nubia
4%
Val-Zod
4%
Zoe Ramirez
4%
No matching quizzes found
Score Distribution
Percent of People with Each Score
Percentile by Number Answered
Your Score History
You have not taken this quiz since the last reset